000 01199nam a2200181Ia 4500
008 151202s9999||||xx |||||||||||||| ||und||
082 _bPNVM-122828
100 _aसंपा-पाण्डेय जनार्दनशास्त्री.
245 _aबगलामुखीस्तोत्रम् कवच सहितम् रुद्रयामलान्तर्गतम् संस्कृत आडवी पोथी.
260 _b"भार्गव बुकडिपो,चौक वाराणसी."
260 _c1960
300 _a20
600 _aसंपा-पाण्डेय जनार्दनशास्त्री.
630 _aबगलामुखीस्तोत्रम् कवच सहितम् रुद्रयामलान्तर्गतम् संस्कृत आडवी पोथी.
700 _aसंपा-पाण्डेय जनार्दनशास्त्री.
730 _aबगलामुखीस्तोत्रम् कवच सहितम् रुद्रयामलान्तर्गतम् संस्कृत आडवी पोथी.
942 _cBOOK
999 _c1352957
_d1352954